<?xml version="1.0" encoding="UTF-8"?><?xml-stylesheet type="text/xsl" href="static/style.xsl"?><OAI-PMH xmlns="http://www.openarchives.org/OAI/2.0/" xmlns:xsi="http://www.w3.org/2001/XMLSchema-instance" xsi:schemaLocation="http://www.openarchives.org/OAI/2.0/ http://www.openarchives.org/OAI/2.0/OAI-PMH.xsd"><responseDate>2026-04-14T03:58:47Z</responseDate><request verb="GetRecord" identifier="oai:www.recercat.cat:2117/348133" metadataPrefix="marc">https://recercat.cat/oai/request</request><GetRecord><record><header><identifier>oai:recercat.cat:2117/348133</identifier><datestamp>2026-01-26T08:26:08Z</datestamp><setSpec>com_2072_1033</setSpec><setSpec>col_2072_452951</setSpec></header><metadata><record xmlns="http://www.loc.gov/MARC21/slim" xmlns:dcterms="http://purl.org/dc/terms/" xmlns:xsi="http://www.w3.org/2001/XMLSchema-instance" xmlns:doc="http://www.lyncode.com/xoai" xsi:schemaLocation="http://www.loc.gov/MARC21/slim http://www.loc.gov/standards/marcxml/schema/MARC21slim.xsd">
   <leader>00925njm 22002777a 4500</leader>
   <datafield ind2=" " ind1=" " tag="042">
      <subfield code="a">dc</subfield>
   </datafield>
   <datafield ind2=" " ind1=" " tag="720">
      <subfield code="a">Parrot Bernat, Jose</subfield>
      <subfield code="e">author</subfield>
   </datafield>
   <datafield ind2=" " ind1=" " tag="260">
      <subfield code="c">2008-03-01</subfield>
   </datafield>
   <datafield ind2=" " ind1=" " tag="520">
      <subfield code="a">Alicante es la segunda ciudad más importante de la Comunidad Valenciana, con una población de 322.673 habitantes (INE 2007). Situada en la costa mediterránea, es la capital de la provincia de Alicante y de la comarca del Alacantí. Forma una conurbación de 438.430 habitantes con las localidades vecinas de San Vicente del Raspeig, San Juan de Alicante, Muchamiel y Campillo. Además el área metropolitana de Alicante - Elche tiene 734.362 habitantes. Es una ciudad eminentemente turística y de servicios. La capacidad de la red de comunicación es insuficiente para soportar el elevado tráfico que genera el área metropolitana Alicante – Elche. Además, la fuerte expansión urbanística que la zona está teniendo en los últimos años implica, necesariamente, un incremento del tráfico y, por lo tanto, un deterioro de la capacidad de la red. El objeto del presente proyecto final de carrera es la definición de la obra a nivel constructivo de un tramo de la Vía Parque de Alicante, entre la Avenida de la Universidad y la Avenida Gastón Castelló</subfield>
   </datafield>
   <datafield tag="653" ind2=" " ind1=" ">
      <subfield code="a">Àrees temàtiques de la UPC::Enginyeria civil::Infraestructures i modelització dels transports::Transport per carretera</subfield>
   </datafield>
   <datafield tag="653" ind2=" " ind1=" ">
      <subfield code="a">Roads</subfield>
   </datafield>
   <datafield tag="653" ind2=" " ind1=" ">
      <subfield code="a">Carreteres -- Catalunya</subfield>
   </datafield>
   <datafield ind2="0" ind1="0" tag="245">
      <subfield code="a">Proyecto Via Parque Lo Morant. Avenida de La Universidad (Alicante)</subfield>
   </datafield>
</record></metadata></record></GetRecord></OAI-PMH>